Statistics for behavioral sciences (Record no. 76790)

MARC details
000 -LEADER
fixed length control field 00850nam a2200217 a 4500
008 - FIXED-LENGTH DATA ELEMENTS--GENERAL INFORMATION
fixed length control field 120416s1983 ||||||||||||||||| || u
020 ## - INTERNATIONAL STANDARD BOOK NUMBER
International Standard Book Number 0256024057
050 ## - LIBRARY OF CONGRESS CALL NUMBER
Classification number BF 39 FAL
100 ## - MAIN ENTRY--PERSONAL NAME
Personal name Brown, Bruce (Bruce L.)
245 10 - TITLE STATEMENT
Title Statistics for behavioral sciences
260 ## - PUBLICATION, DISTRIBUTION, ETC.
Place of publication, distribution, etc. Homewood, Ill.
Name of publisher, distributor, etc. Dorsey Press
Date of publication, distribution, etc. 1983
300 ## - PHYSICAL DESCRIPTION
Extent xxxiii, 538p. : ill.
350 ## -
-- 0.00
490 ## -
-- The Dorsey series in psychology
500 ## - GENERAL NOTE
General note Bibliography: p. 534-535.
650 #3 - SUBJECT ADDED ENTRY--TOPICAL TERM
Topical term or geographic name entry element PSYCHOLOGY
650 #0 - SUBJECT ADDED ENTRY--TOPICAL TERM
Topical term or geographic name entry element PSYCHOMETRICS
700 ## - ADDED ENTRY--PERSONAL NAME
Personal name Fallick, Fred
995 ## -
-- BINDERY (DAMAGED)
-- 0.00
-- 712996
-- CBU-MAIN LIBRARY (Kitwe)
-- 1
-- 20.00
-- BF 39 FAL
-- 1
-- DAMAGED
-- 712996
-- Main Library Open Access Collection
995 ## -
-- ANNEX COLLECTION (Main Library)
-- 0.00
-- 712567
-- CBU-MAIN LIBRARY (Kitwe)
-- 2
-- 20.00
-- BF 39 FAL
-- 2
-- AVAILABLE
-- 017174
-- Annex Low-Usage Collection
999 ## -
-- 76790
-- 76790
Holdings
Withdrawn status Lost status Source of classification or shelving scheme Damaged status Not for loan Permanent Location Current Location Shelving location Date acquired Total Checkouts Full call number Barcode Date last seen Copy number Price effective from Koha item type
          CBU-MAIN LIBRARY, KITWE. CBU-MAIN LIBRARY, KITWE.   04/25/2023   BF 39 FAL 712996 04/25/2023 1 04/25/2023 MONOGRAPH
          CBU-MAIN LIBRARY, KITWE. CBU-MAIN LIBRARY, KITWE.   04/25/2023   BF 39 FAL 017174 04/25/2023 2 04/25/2023 MONOGRAPH